000 00702nam a2200181Ia 4500
003 GCL
008 140319s9999 xx 000 0 ara d
040 _aGCL /
_cGCL
082 0 4 _a330.9
_bع خ
100 1 _aعبدالرحيم عبدالرحمن عبدالرحيم
245 1 0 _aالخليج العربى رؤية فى الواقع الاقتصادى والاجتماعى والثقافى مرحلة ما قبل البترول /
_cعبدالرحيم عبدالرحمن عبدالرحيم
300 _a198 ص
490 _a
650 0 4 _aالتنمية الاقتصادية
650 0 4 _aالنفط
650 0 4 _aالخليج العربى - الاحوال الاقتصادية
942 _2ddc
_cBK
999 _c44834
_d44834